| 000 | 00821pam a2200277 a 4500 | ||
|---|---|---|---|
| 999 |
_c5021 _d5021 |
||
| 001 | 21593669 | ||
| 003 | OSt | ||
| 005 | 20181219145523.0 | ||
| 008 | 900503s1990 tnua 000 0 eng | ||
| 010 | _a90038540 | ||
| 020 | _a1561210234 | ||
| 040 |
_aDLC _cDLC _dCDC |
||
| 082 |
_a206.8 _bP361M |
||
| 092 |
_a254 _bH673M |
||
| 100 | 1 | _aHisrich, Robert D | |
| 245 | 1 | 0 |
_aMarketing your ministry : _bten critical principles / _cRobert D. Hirsh [i.e. Hisrich], John W. Pearson |
| 250 | _a1st ed | ||
| 260 |
_aBrentwood, Tenn. : _bWolgemuth & Hyatt, _c1990 |
||
| 300 |
_avii, 116 p. : _bill. ; _c23 cm |
||
| 650 | 0 | _aChurch public relations | |
| 650 | 0 | _aChurch publicity | |
| 650 | 0 |
_aClergy _xOffice _xMarketing |
|
| 650 | 0 |
_aReligious institutions _xMarketing |
|
| 700 | 1 | 0 |
_aPearson, John W., _d1946- |
| 942 |
_2ddc _cBK |
||